[Event "Bayern-chI Bank Hofmann 25th"]
[Site "Tegernsee"]
[Date "2022.11.11"]
[Round "7"]
[White "Scholzen, Wolfgang"]
[Black "Schmidt, Justus"]
[Result "0-1"]
[WhiteElo "2021"]
[BlackElo "2188"]
[PlyCount "118"]
[EventDate "2022.11.05"]
[EventType "swiss"]
[EventRounds "9"]
[EventCountry "GER"]
[SourceTitle "CBM 211 Extra"]
[Source "ChessBase"]
[SourceDate "2023.01.31"]
[SourceVersion "1"]
[SourceVersionDate "2023.01.31"]
[SourceQuality "1"]

1. d4 Nf6 2. c4 g6 3. Nf3 Bg7 4. Nc3 0-0 5. Bg5 d6 6. e3 c6 7. Be2 a6 8. a4 a5 9. Qc2 Na6 10. Rd1 h6 11. Bh4 Nb4 12. Qb1 Qc7 13. 0-0 Bf5 14. Qc1 g5 15. Bg3 Nh5 16. e4 Bg6 17. Ne1 Nxg3 18. hxg3 Qb6 19. Qe3 e5 20. c5 dxc5 21. dxc5 Qc7 22. Bc4 Rfd8 23. Bb3 Qe7 24. Rc1 Rd4 25. f3 Rad8 26. Nc2 Rd3 27. Qf2 Rd2 28. Qe3 R2d3 29. Qf2 Na6 30. Rfd1 Nxc5 31. Na1 Rxd1+ 32. Rxd1 Rd4 33. Bc2 Qd6 34. Nb3 Nxb3 35. Bxb3 Qb4 36. Qc2 Bf8 37. Kh2 h5 38. Ne2 Rxd1 39. Qxd1 g4 40. Nc1 Bh6 41. Nd3 Qd4 42. Qc2 Bf8 43. Qc3 Bd6 44. Bc4 Kg7 45. Bb3 Qe3 46. Nc1 Qxc3 47. bxc3 f5 48. exf5 Bxf5 49. Kg1 Bc5+ 50. Kf1 Be3 51. Ne2 b5 52. Ke1 Bd3 53. f4 Kf6 54. fxe5+ Kxe5 55. Kd1 Bg6 56. Nc1 Bxc1 57. Kxc1 bxa4 58. Bxa4 Be4 59. Bb3 Kf6 0-1

[Event "Heusenstamm Sparkassen op-A 7th"]
[Site "Heusenstamm"]
[Date "2021.11.20"]
[Round "4.49"]
[White "Scholzen, Wolfgang"]
[Black "Huck, Robert"]
[Result "1-0"]
[WhiteElo "2058"]
[BlackElo "1851"]
[PlyCount "73"]
[EventDate "2021.11.18"]
[EventType "swiss"]
[EventRounds "7"]
[EventCountry "GER"]
[SourceTitle "EXT 2023"]
[Source "ChessBase"]
[SourceDate "2022.10.05"]
[SourceVersion "1"]
[SourceVersionDate "2022.10.05"]
[SourceQuality "1"]

1. d4 Nf6 2. c4 d6 3. Nc3 Nbd7 4. Nf3 e5 5. e3 Be7 6. Bd3 0-0 7. 0-0 c6 8. Qc2 a6 9. a4 a5 10. Rd1 Qc7 11. b3 Nb8 12. h3 Na6 13. Na2 Re8 14. Bb2 Bf8 15. Nd2 g6 16. c5 exd4 17. cxd6 Bxd6 18. Nc4 Nb4 19. Nxb4 Bxb4 20. Bxd4 Nd5 21. Rac1 Bf8 22. Qb2 f6 23. Bxf6 Nxf6 24. Qxf6 Be6 25. Qc3 Bg7 26. Qc2 Rad8 27. Nd2 Kh8 28. Nf3 Qe7 29. Bc4 Bf5 30. Qe2 Be4 31. Rxd8 Rxd8 32. Rd1 Bd5 33. Bxd5 Rxd5 34. Rxd5 cxd5 35. Qb5 Qd8 36. Qxb7 Bf6 37. Qf7 1-0

[Event "Heusenstamm Sparkassen op-A 7th"]
[Site "Heusenstamm"]
[Date "2021.11.18"]
[Round "1.52"]
[White "Armbrust, Matthias"]
[Black "Scholzen, Wolfgang"]
[Result "1-0"]
[WhiteElo "1833"]
[BlackElo "2058"]
[PlyCount "103"]
[EventDate "2021.11.18"]
[EventType "swiss"]
[EventRounds "7"]
[EventCountry "GER"]
[SourceTitle "EXT 2023"]
[Source "ChessBase"]
[SourceDate "2022.10.05"]
[SourceVersion "1"]
[SourceVersionDate "2022.10.05"]
[SourceQuality "1"]

1. e4 e6 2. d4 d5 3. Nd2 Nf6 4. e5 Nfd7 5. Bd3 c5 6. c3 Nc6 7. Ne2 cxd4 8. cxd4 f6 9. exf6 Nxf6 10. Nf3 Bd6 11. 0-0 Qc7 12. Ng3 0-0 13. Re1 Bd7 14. Bd2 Qb6 15. Bc3 Rad8 16. Ng5 Rde8 17. Nh5 g6 18. Nxf6+ Rxf6 19. Qg4 Kg7 20. Qh3 h6 21. Nf3 Ref8 22. Bd2 Bf4 23. Bc3 Bc8 24. Qh4 Qc7 25. Re2 g5 26. Qh5 Qf7 27. Qxf7+ R6xf7 28. h3 Bd6 29. a3 a6 30. Rc1 Bf4 31. Rd1 Bb8 32. Rc1 Ba7 33. Rd1 Bd7 34. Bc2 Bb6 35. Bd3 Rf6 36. Bc2 Be8 37. Rde1 Bh5 38. Rxe6 Bxf3 39. gxf3 Kf7 40. R6e3 Kg7 41. Kg2 Bxd4 42. Bxd4 Nxd4 43. Re7+ R6f7 44. Bd1 Rxe7 45. Rxe7+ Rf7 46. Re5 Rd7 47. Kg3 Kf6 48. Re8 Nf5+ 49. Kg2 d4 50. Rf8+ Ke5 51. Re8+ Kf4 52. Re4# 1-0

[Event "Mittelrhein Regionalliga 18/19"]
[Site "Nordrheinwestfalen"]
[Date "2018.10.28"]
[Round "3.4"]
[White "Mohammadi Nia, Borna"]
[Black "Scholzen, Wolfgang"]
[Result "0-1"]
[WhiteElo "2066"]
[BlackElo "2037"]
[PlyCount "84"]
[EventDate "2018.10.28"]
[EventType "team-tourn"]
[EventRounds "11"]
[EventCountry "GER"]
[SourceTitle "EXT 2022"]
[Source "ChessBase"]
[SourceDate "2021.10.06"]
[SourceVersion "1"]
[SourceVersionDate "2021.10.06"]
[SourceQuality "1"]
[WhiteTeam "Aachen DJK Aufwärts III"]
[BlackTeam "Euskirchen Turm"]
[WhiteTeamCountry "GER"]
[BlackTeamCountry "GER"]

1. e4 e6 2. d4 d5 3. Nd2 Nf6 4. e5 Nfd7 5. Bd3 c5 6. c3 Nc6 7. Ngf3 cxd4 8. cxd4 f6 9. exf6 Nxf6 10. 0-0 Bd6 11. Re1 0-0 12. Nf1 Qb6 13. Ng3 Bd7 14. Be3 Qxb2 15. Rb1 Qxa2 16. Rxb7 Bc8 17. Rb5 Nb4 18. Qe2 Qxe2 19. Bxe2 Nc2 20. Rc1 Nxe3 21. fxe3 a5 22. Ra1 a4 23. Rb6 Bc7 24. Rc6 Bxg3 25. hxg3 Bd7 26. Rd6 Rfb8 27. Ne5 Bb5 28. Bxb5 Rxb5 29. Rc6 a3 30. Rc2 Rb3 31. Kf2 Ne4+ 32. Kf3 Rf8+ 33. Kg4 Rxe3 34. Nf3 Rb3 35. Kh4 Rb2 36. Ne1 Rb3 37. Nf3 h6 38. g4 Kh7 39. Rc7 Ra8 40. Ne1 a2 41. Nc2 Rc8 42. Rxc8 g5+ 0-1

[Event "Mittelrhein Regionalliga 18/19"]
[Site "Nordrheinwestfalen"]
[Date "2018.09.02"]
[Round "1.3"]
[White "Scholzen, Wolfgang"]
[Black "Rajashekarraju, Shridhar"]
[Result "0-1"]
[WhiteElo "2013"]
[BlackElo "2137"]
[PlyCount "46"]
[EventDate "2018.10.28"]
[EventType "team-tourn"]
[EventRounds "11"]
[EventCountry "GER"]
[SourceTitle "EXT 2022"]
[Source "ChessBase"]
[SourceDate "2021.10.06"]
[SourceVersion "1"]
[SourceVersionDate "2021.10.06"]
[SourceQuality "1"]
[WhiteTeam "Euskirchen Turm"]
[BlackTeam "Aachen SV II"]
[WhiteTeamCountry "GER"]
[BlackTeamCountry "GER"]

1. d4 e6 2. Nf3 Nf6 3. c4 b6 4. Nc3 Bb7 5. Bg5 Be7 6. e3 0-0 7. Be2 d5 8. cxd5 Nxd5 9. Bxe7 Qxe7 10. 0-0 Nd7 11. Rc1 c5 12. dxc5 Nxc5 13. Nxd5 Bxd5 14. Bc4 Bb7 15. Qe2 a5 16. Rfd1 Rfd8 17. a3 a4 18. h3 Qf6 19. Nd4 g6 20. Nb5 Qg5 21. f3 Ba6 22. e4 Bxb5 23. Bxb5 Nb3 0-1

[Event "Leiden op-A 12th"]
[Site "Leiden"]
[Date "2018.07.14"]
[Round "2"]
[White "Popovic, Dusan"]
[Black "Scholzen, Wolfgang"]
[Result "1-0"]
[WhiteElo "2539"]
[BlackElo "2018"]
[PlyCount "61"]
[EventDate "2018.07.13"]
[EventType "swiss"]
[EventRounds "9"]
[EventCountry "NED"]
[SourceTitle "CBM 185 Extra"]
[Source "ChessBase"]
[SourceDate "2018.07.29"]
[SourceVersion "1"]
[SourceVersionDate "2018.07.29"]
[SourceQuality "1"]

1. e4 e6 2. d4 d5 3. Nd2 Nf6 4. e5 Nfd7 5. Bd3 c5 6. c3 Nc6 7. Ngf3 Be7 8. 0-0 g5 9. b4 cxb4 10. cxb4 g4 11. b5 Nb4 12. Ne1 Nxd3 13. Nxd3 Rg8 14. Nb3 Nf8 15. Nf4 Bd7 16. a4 a6 17. bxa6 Rxa6 18. a5 Bb5 19. Re1 Nd7 20. Ba3 Bxa3 21. Rxa3 Qg5 22. Nd3 Bxd3 23. Qxd3 Qe7 24. Raa1 Qb4 25. Reb1 Rc6 26. Nd2 Rc3 27. Rxb4 Rxd3 28. Nb3 b6 29. axb6 Nb8 30. Kf1 f6 31. Nc5 1-0

[Event "Mittelrhein Verbandsliga-S 17/18"]
[Site "Nordrheinwestfalen"]
[Date "2018.05.06"]
[Round "11.4"]
[White "Scholzen, Wolfgang"]
[Black "Simons, Peter"]
[Result "1-0"]
[WhiteElo "2027"]
[BlackElo "2050"]
[PlyCount "25"]
[EventDate "2017.09.10"]
[EventType "team-tourn"]
[EventRounds "11"]
[EventCountry "GER"]
[SourceTitle "EXT 2022"]
[Source "ChessBase"]
[SourceDate "2021.10.06"]
[SourceVersion "1"]
[SourceVersionDate "2021.10.06"]
[SourceQuality "1"]
[WhiteTeam "Euskirchen Turm"]
[BlackTeam "Rheinbacher SF"]
[WhiteTeamCountry "GER"]
[BlackTeamCountry "GER"]

1. d4 Nf6 2. Nf3 d5 3. c4 dxc4 4. e3 Bg4 5. Bxc4 e6 6. 0-0 a6 7. h3 Bh5 8. Nc3 c5 9. Bb3 b5 10. dxc5 Qxd1 11. Bxd1 Nc6 12. Nd4 b4 13. Ba4 1-0

[Event "Mittelrhein Verbandsliga-O 16/17"]
[Site "Nordrheinwestfalen"]
[Date "2017.03.19"]
[Round "9.5"]
[White "Scholzen, Wolfgang"]
[Black "Fischer, Oliver"]
[Result "0-1"]
[WhiteElo "2019"]
[BlackElo "1889"]
[PlyCount "104"]
[EventDate "2016.09.11"]
[EventType "team-tourn"]
[EventRounds "11"]
[EventCountry "GER"]
[SourceTitle "EXT 2022"]
[Source "ChessBase"]
[SourceDate "2021.10.06"]
[SourceVersion "1"]
[SourceVersionDate "2021.10.06"]
[SourceQuality "1"]
[WhiteTeam "Euskirchen Turm"]
[BlackTeam "Bruehl II"]
[WhiteTeamCountry "GER"]
[BlackTeamCountry "GER"]

1. d4 d5 2. Nf3 Nf6 3. c4 dxc4 4. Nc3 a6 5. a4 Nc6 6. e3 Na5 7. Ne5 Be6 8. Be2 c5 9. 0-0 Nb3 10. Rb1 cxd4 11. exd4 Qxd4 12. Nxc4 Qxd1 13. Rxd1 Bf5 14. Bd3 Bxd3 15. Rxd3 Nxc1 16. Rxc1 e6 17. Rcd1 Be7 18. Nd6+ Bxd6 19. Rxd6 Ke7 20. Rb6 Rab8 21. Rd4 Nd7 22. Rbb4 Ne5 23. Rb6 Nd7 24. Rbb4 Ne5 25. Rb6 Nc6 26. Rc4 Rhc8 27. f3 Nd8 28. Rcb4 Rc6 29. Ne4 Rxb6 30. Rxb6 Rc8 31. h4 Rc6 32. Rb4 f5 33. Nc3 Kd7 34. g4 g6 35. Kf2 Kc7 36. gxf5 gxf5 37. Ke3 e5 38. Nd5+ Kd6 39. Nc3 Kc5 40. Rb3 Rh6 41. Ne2 Rxh4 42. Rd3 Nc6 43. Rd7 Rxa4 44. Rxh7 Rb4 45. Nc3 b5 46. Nd1 Rb3+ 47. Kf2 a5 48. Rf7 f4 49. Rc7 Kd6 50. Rc8 Nd4 51. Ra8 a4 52. Kg2 Nxf3 0-1

[Event "Solingen Karneval op"]
[Site "Solingen"]
[Date "2017.02.26"]
[Round "5"]
[White "Scholzen, Wolfgang"]
[Black "Speck, Stefan"]
[Result "1/2-1/2"]
[WhiteElo "2076"]
[BlackElo "1989"]
[PlyCount "61"]
[EventDate "2017.02.24"]
[EventType "swiss"]
[EventRounds "5"]
[EventCountry "GER"]
[SourceTitle "EXT 2018"]
[Source "ChessBase"]
[SourceDate "2017.10.13"]
[SourceVersion "1"]
[SourceVersionDate "2017.10.13"]
[SourceQuality "1"]

1. d4 c5 2. e3 e6 3. Nf3 a6 4. b3 Nf6 5. Bd3 Nc6 6. 0-0 d5 7. Bb2 b5 8. c4 bxc4 9. bxc4 Qb6 10. Bc3 Nb4 11. Be2 dxc4 12. Ne5 Nbd5 13. Nxc4 Qa7 14. Ba5 cxd4 15. exd4 Be7 16. Ne5 0-0 17. Nc6 Qd7 18. Nxe7+ Qxe7 19. Nd2 Bd7 20. Nc4 Rfc8 21. a4 h6 22. Re1 Bc6 23. Bf3 Rab8 24. Ne5 Ba8 25. Rc1 Qa3 26. Ra1 Qe7 27. Qd2 Qe8 28. Nd3 Qf8 29. Nc5 Qd6 30. Rac1 Nd7 31. Nxd7 1/2-1/2

[Event "Solingen Karneval op"]
[Site "Solingen"]
[Date "2017.02.24"]
[Round "1"]
[White "Scholzen, Wolfgang"]
[Black "Bungarten, Jona"]
[Result "1-0"]
[WhiteElo "2076"]
[BlackElo "1716"]
[PlyCount "61"]
[EventDate "2017.02.24"]
[EventType "swiss"]
[EventRounds "5"]
[EventCountry "GER"]
[SourceTitle "EXT 2018"]
[Source "ChessBase"]
[SourceDate "2017.10.13"]
[SourceVersion "1"]
[SourceVersionDate "2017.10.13"]
[SourceQuality "1"]

1. d4 d5 2. Nf3 Nf6 3. c4 e6 4. Bg5 Be7 5. Nc3 0-0 6. e3 c6 7. Qc2 Nbd7 8. Bd3 dxc4 9. Bxc4 b5 10. Bd3 Bb7 11. 0-0 a6 12. e4 h6 13. Be3 Rc8 14. Rfd1 Qc7 15. Rac1 c5 16. e5 Nd5 17. Nxd5 Bxd5 18. Qd2 Qb7 19. Be2 Rfd8 20. Bxh6 Bxa2 21. Bg5 Bxg5 22. Nxg5 Nxe5 23. Qc2 cxd4 24. Qh7+ Kf8 25. Rxc8 Rxc8 26. Qh8+ Ke7 27. Qxg7 Qd5 28. f4 Nc4 29. Nxf7 Nxb2 30. Ng5+ Kd8 31. Rxd4 1-0

[Event "Mittelrhein Verbandsliga-O 16/17"]
[Site "Nordrheinwestfalen"]
[Date "2016.10.23"]
[Round "3"]
[White "Scholzen, Wolfgang"]
[Black "Anderton, Philip"]
[Result "1-0"]
[WhiteElo "2020"]
[BlackElo "1940"]
[PlyCount "69"]
[EventDate "2016.09.11"]
[EventType "team-tourn"]
[EventRounds "11"]
[EventCountry "GER"]
[SourceTitle "EXT 2022"]
[Source "ChessBase"]
[SourceDate "2021.10.06"]
[SourceVersion "1"]
[SourceVersionDate "2021.10.06"]
[SourceQuality "1"]
[WhiteTeam "Euskirchen Turm"]
[BlackTeam "Siebengebirge"]
[WhiteTeamCountry "GER"]
[BlackTeamCountry "GER"]

1. d4 Nf6 2. Nf3 g6 3. c4 Bg7 4. Nc3 0-0 5. Bg5 d6 6. e3 Nbd7 7. Be2 e5 8. dxe5 dxe5 9. Qc2 c6 10. 0-0 Qc7 11. Rfd1 h6 12. Bh4 g5 13. Bg3 Nh5 14. Nxg5 hxg5 15. Bxh5 f5 16. f4 gxf4 17. exf4 exf4 18. Bf2 Ne5 19. c5 Qe7 20. Ne2 Qg5 21. Qb3+ Kh7 22. Qh3 Rf6 23. Nxf4 Qxf4 24. Be3 Qb4 25. a3 Qa5 26. b4 Qc7 27. Bg5 f4 28. Qh4 Ng6 29. Qf2 Rf8 30. Rd6 Bxa1 31. Bxg6+ Kg7 32. Bh6+ Kg8 33. Qa2+ Rf7 34. Bxf7+ Qxf7 35. Rg6+ 1-0

[Event "Schwert von Luelsdorf op 27th"]
[Site "Niederkassel"]
[Date "2016.09.04"]
[Round "5"]
[White "Scholzen, Wolfgang"]
[Black "Khanukov, Boris"]
[Result "1/2-1/2"]
[WhiteElo "2084"]
[BlackElo "2316"]
[PlyCount "79"]
[EventDate "2016.09.04"]
[EventType "swiss (rapid)"]
[EventRounds "9"]
[EventCountry "GER"]
[SourceTitle "CBM 174 Extra"]
[Source "ChessBase"]
[SourceDate "2016.10.10"]
[SourceVersion "1"]
[SourceVersionDate "2016.10.10"]
[SourceQuality "1"]

1. d4 Nf6 2. Nf3 e6 3. c4 d5 4. Nc3 Be7 5. Bg5 0-0 6. e3 h6 7. Bh4 b6 8. cxd5 Nxd5 9. Bxe7 Qxe7 10. Nxd5 exd5 11. Bd3 c5 12. 0-0 Bg4 13. dxc5 bxc5 14. h3 Be6 15. b3 Nd7 16. Rc1 a5 17. Bb5 Nf6 18. Qc2 Rfc8 19. Rfd1 Qb7 20. Bd3 a4 21. Rb1 axb3 22. axb3 Ra3 23. Rb2 Qb4 24. Rdb1 Rca8 25. Ne5 Qb8 26. f4 Qb6 27. Kf2 Nd7 28. Nf3 Qd6 29. Bh7+ Kf8 30. f5 g6 31. fxe6 Qxe6 32. Qc3 Nf6 33. Bxg6 fxg6 34. Qxc5+ Kg7 35. Qc7+ Kh8 36. Qc3 Kh7 37. Qe5 Ne4+ 38. Kg1 Qf7 39. Rd1 Ra1 40. Rbb1 1/2-1/2

[Event "Mittelrhein Verbandsliga-O 15/16"]
[Site "Nordrheinwestfalen"]
[Date "2016.01.31"]
[Round "7"]
[White "Fuchs, Andreas"]
[Black "Scholzen, Wolfgang"]
[Result "0-1"]
[WhiteElo "2002"]
[BlackElo "2011"]
[PlyCount "78"]
[EventDate "2015.09.06"]
[EventType "team-tourn"]
[EventRounds "11"]
[EventCountry "GER"]
[SourceTitle "EXT 2022"]
[Source "ChessBase"]
[SourceDate "2021.10.06"]
[SourceVersion "1"]
[SourceVersionDate "2021.10.06"]
[SourceQuality "1"]
[WhiteTeam "Lohmar"]
[BlackTeam "Euskirchen Turm"]
[WhiteTeamCountry "GER"]
[BlackTeamCountry "GER"]

1. d4 Nf6 2. Nf3 g6 3. c4 Bg7 4. Nc3 0-0 5. e4 d6 6. Be2 e5 7. 0-0 Nc6 8. d5 Ne7 9. Ne1 Nd7 10. Be3 f5 11. f3 a5 12. Nd3 b6 13. a3 f4 14. Bd2 g5 15. b4 h5 16. h3 Ng6 17. Qb3 Nf6 18. Nf2 Rf7 19. c5 Bf8 20. cxb6 cxb6 21. Rfc1 Rg7 22. Be1 Nh8 23. Nb5 g4 24. hxg4 hxg4 25. fxg4 Bxg4 26. Nxg4 Nxg4 27. Bxg4 Rxg4 28. Rc7 Qf6 29. Qh3 Qg6 30. bxa5 bxa5 31. Rac1 Nf7 32. Rd7 Rg5 33. Rcc7 Qxe4 34. Bh4 Rg7 35. Nc3 Qg6 36. Qf3 Rb8 37. Rb7 Rxb7 38. Rxb7 Rh7 39. Bf2 Ng5 0-1

[Event "Mittelrhein Verbandsliga-O 15/16"]
[Site "Nordrheinwestfalen"]
[Date "2015.11.15"]
[Round "4"]
[White "Scholzen, Wolfgang"]
[Black "Okrajek, Alexander"]
[Result "0-1"]
[WhiteElo "2011"]
[BlackElo "2090"]
[PlyCount "86"]
[EventDate "2015.09.06"]
[EventType "team-tourn"]
[EventRounds "11"]
[EventCountry "GER"]
[SourceTitle "EXT 2022"]
[Source "ChessBase"]
[SourceDate "2021.10.06"]
[SourceVersion "1"]
[SourceVersionDate "2021.10.06"]
[SourceQuality "1"]
[WhiteTeam "Euskirchen Turm"]
[BlackTeam "Siegburg"]
[WhiteTeamCountry "GER"]
[BlackTeamCountry "GER"]

1. d4 d5 2. Nf3 Nf6 3. c4 c6 4. Nc3 e6 5. Bg5 Be7 6. e3 a6 7. cxd5 exd5 8. Qc2 Bg4 9. Ne5 Nbd7 10. Nxg4 Nxg4 11. Bf4 0-0 12. h3 Ngf6 13. Be2 Re8 14. 0-0 Bf8 15. a3 Rc8 16. b4 b5 17. Rfb1 Nb6 18. a4 Ra8 19. Bg5 Qd6 20. Bd3 g6 21. Bf4 Qe6 22. axb5 cxb5 23. Qb3 Nc4 24. Rd1 Rec8 25. Be2 h6 26. Bf3 Ne4 27. Nxe4 dxe4 28. d5 Qf6 29. Bxe4 Nd2 30. Rxd2 Qxa1+ 31. Rd1 Rc1 32. Rxc1 Qxc1+ 33. Kh2 Qc4 34. Qxc4 bxc4 35. Bc7 Re8 36. Bb1 Bxb4 37. g3 c3 38. d6 Bxd6 39. Bxd6 Rc8 40. Bc2 Rd8 41. Bb4 Rd2 42. Be4 Rxf2+ 43. Kg1 c2 0-1

[Event "Maastricht Limburg op-A 8th"]
[Site "Maastricht"]
[Date "2014.06.09"]
[Round "7"]
[White "Mollema, Thomas"]
[Black "Scholzen, Wolfgang"]
[Result "1/2-1/2"]
[WhiteElo "2059"]
[BlackElo "2120"]
[PlyCount "30"]
[EventDate "2014.06.06"]
[EventType "swiss"]
[EventRounds "7"]
[EventCountry "NED"]
[SourceTitle "CBM 160 Extra"]
[Source "ChessBase"]
[SourceDate "2014.07.01"]
[SourceVersion "1"]
[SourceVersionDate "2014.07.01"]
[SourceQuality "1"]

1. e4 e5 2. Nf3 Nc6 3. Bb5 a6 4. Ba4 Nf6 5. Qe2 b5 6. Bb3 Be7 7. 0-0 0-0 8. c3 d6 9. Rd1 Na5 10. Bc2 c5 11. d4 Qc7 12. d5 Bg4 13. h3 Bxf3 14. Qxf3 b4 15. Nd2 bxc3 1/2-1/2

[Event "Maastricht Limburg op-A 8th"]
[Site "Maastricht"]
[Date "2014.06.08"]
[Round "4"]
[White "Scholzen, Wolfgang"]
[Black "Berg, Emanuel"]
[Result "0-1"]
[WhiteElo "2120"]
[BlackElo "2547"]
[PlyCount "70"]
[EventDate "2014.06.06"]
[EventType "swiss"]
[EventRounds "7"]
[EventCountry "NED"]
[SourceTitle "CBM 160 Extra"]
[Source "ChessBase"]
[SourceDate "2014.07.01"]
[SourceVersion "1"]
[SourceVersionDate "2014.07.01"]
[SourceQuality "1"]

1. e4 e6 2. d3 c5 3. Nf3 Nc6 4. g3 Nge7 5. Bg2 g6 6. 0-0 Bg7 7. Nbd2 0-0 8. c3 d6 9. Re1 e5 10. a4 h6 11. Nc4 Be6 12. Ne3 d5 13. exd5 Nxd5 14. Nc4 Qc7 15. Qe2 Rfe8 16. Bd2 f6 17. h4 Rad8 18. Nh2 Qf7 19. Ne3 Nde7 20. Neg4 g5 21. hxg5 hxg5 22. f4 c4 23. fxg5 cxd3 24. Qf3 f5 25. Nh6+ Bxh6 26. gxh6 Qg6 27. Qe3 Kh8 28. Nf3 e4 29. Nh4 Qf6 30. c4 Kh7 31. b3 Nd4 32. Bc3 Ne2+ 33. Qxe2 Qxc3 34. Qh5 d2 35. Rxe4 Qxa1+ 0-1

[Event "Maastricht Limburg op-A 8th"]
[Site "Maastricht"]
[Date "2014.06.07"]
[Round "3"]
[White "Van Liempt, Michael"]
[Black "Scholzen, Wolfgang"]
[Result "0-1"]
[WhiteElo "2008"]
[BlackElo "2120"]
[PlyCount "28"]
[EventDate "2014.06.06"]
[EventType "swiss"]
[EventRounds "7"]
[EventCountry "NED"]
[SourceTitle "CBM 160 Extra"]
[Source "ChessBase"]
[SourceDate "2014.07.01"]
[SourceVersion "1"]
[SourceVersionDate "2014.07.01"]
[SourceQuality "1"]

1. e4 e5 2. Nf3 Nc6 3. d4 exd4 4. Bc4 d6 5. Nxd4 Nf6 6. Nc3 Be7 7. 0-0 Nxd4 8. Qxd4 0-0 9. Re1 c6 10. a4 Qa5 11. Be3 Ng4 12. Bf4 d5 13. Nxd5 cxd5 14. Qxd5 Qb6 0-1

[Event "Maastricht Limburg op-A 8th"]
[Site "Maastricht"]
[Date "2014.06.06"]
[Round "1"]
[White "Scholzen, Wolfgang"]
[Black "Snuverink, Laurens"]
[Result "0-1"]
[WhiteElo "2120"]
[BlackElo "2009"]
[PlyCount "74"]
[EventDate "2014.06.06"]
[EventType "swiss"]
[EventRounds "7"]
[EventCountry "NED"]
[SourceTitle "CBM 160 Extra"]
[Source "ChessBase"]
[SourceDate "2014.07.01"]
[SourceVersion "1"]
[SourceVersionDate "2014.07.01"]
[SourceQuality "1"]

1. e4 c5 2. Nf3 Nc6 3. d4 cxd4 4. Nxd4 g6 5. Nc3 Bg7 6. Be3 Nf6 7. Bc4 Qa5 8. 0-0 0-0 9. Bb3 d6 10. f3 Bd7 11. Qd2 Nxd4 12. Bxd4 Bc6 13. Rad1 Nd7 14. Bxg7 Kxg7 15. Qd4+ Qe5 16. Nd5 Bxd5 17. Bxd5 Qxd4+ 18. Rxd4 Rab8 19. c3 Rfc8 20. f4 b5 21. a3 Nb6 22. e5 e6 23. Ba2 d5 24. g4 Nc4 25. Rf2 Rh8 26. a4 h5 27. gxh5 Rxh5 28. axb5 Ne3 29. Re2 Nf5 30. Rb4 Rh3 31. Bb1 Ne3 32. b3 Nd1 33. c4 Nc3 34. Rb2 a5 35. Ra4 Nxa4 36. bxa4 dxc4 37. b6 Rb3 0-1